000 01454nam a2200337 c 4500
003 BLK
005 20250423144238.0
008 180412b bul|||||r ||||||| ||bul||
010 _aKNG00005875000
020 _a954-8214-05-9
_bиздат.: Фенея
040 _aBLK
041 _aBUL
_cBUL
080 _aСемейно право. Наследствено право. - Семейство, женитба, брак, права и задължения на съпрузите, разторгване на брак и др.
_b347.6
_x(497.2)
_z347.6(497.2)
100 1 _aЦанкова, Цанка Тодорова
_eпърви автор
_9246038
139 _aЦанкова, Цанка Тодорова
_bЦ 17
245 1 0 _aЗавещанието в българското наследствено право
_cЦанка Тодорова Цанкова.
250 _a2. прераб. и доп. изд.
257 _aBGR
260 София
_bФенея
_c1995
300 _a216 с.
_c20 см
380 _a3
500 _a1. изд. 1985 на изд. Наука и изкуство. - 4 000 тир.
650 4 _aНаследствено право - България
_9243212
653 _aнаследствено право
852 _aЦб 180411
856 4 _qpdf
_u
856 4 _qpdf
_u
942 _cKNG
_n0
_02
944 _aCR
_c15.01.2003
_k30535
_lХристина Везирева
944 _aED
_c23.08.2005
_k
999 _c4718
_d4718